Introduction to managerial accounting (Record no. 3946)
[ view plain ]
| 000 -LEADER | |
|---|---|
| fixed length control field | 00418nam a22001577a 4500 |
| 005 - DATE AND TIME OF LATEST TRANSACTION | |
| control field | 20250218134509.0 |
| 008 - FIXED-LENGTH DATA ELEMENTS--GENERAL INFORMATION | |
| fixed length control field | 250218b |||||||| |||| 00| 0 eng d |
| 020 ## - INTERNATIONAL STANDARD BOOK NUMBER | |
| International Standard Book Number | 9780072468441 |
| 050 ## - LIBRARY OF CONGRESS CALL NUMBER | |
| Classification number | HF 5557 |
| Item number | FOL |
| 100 ## - MAIN ENTRY--PERSONAL NAME | |
| Personal name | Folk, M. Jeannie |
| 245 ## - TITLE STATEMENT | |
| Title | Introduction to managerial accounting |
| 260 ## - PUBLICATION, DISTRIBUTION, ETC. | |
| Place of publication, distribution, etc. | Boston |
| Name of publisher, distributor, etc. | McGraw-Hill |
| Date of publication, distribution, etc. | c2002 |
| 300 ## - PHYSICAL DESCRIPTION | |
| Extent | xxiv,613p; |
| Other physical details | ill.; |
| 700 ## - ADDED ENTRY--PERSONAL NAME | |
| Personal name | Garrison, H. Ray |
| 942 ## - ADDED ENTRY ELEMENTS (KOHA) | |
| Source of classification or shelving scheme | Library of Congress Classification |
| Koha item type | Books |
| Suppress in OPAC | No |
| 999 ## - | |
| -- | 3946 |
| -- | 3946 |
| Withdrawn status | Lost status | Source of classification or shelving scheme | Damaged status | Not for loan | Collection | Home library | Current library | Shelving location | Date acquired | Total checkouts | Full call number | Barcode | Date last seen | Copy number | Price effective from | Koha item type | Public note |
|---|---|---|---|---|---|---|---|---|---|---|---|---|---|---|---|---|---|
| Library of Congress Classification | Non-fiction | Graduate Library (Christ Temple) | Graduate Library (Christ Temple) | General stacks | 02/20/2026 | HF5657 FOL | GSCT00002766 | 02/20/2026 | 1 | 02/20/2026 | Books | EAQ | |||||
| Library of Congress Classification | Non-fiction | Graduate Library (Christ Temple) | Graduate Library (Christ Temple) | General stacks | 02/20/2026 | HF5657 FOL | GSCT00002767 | 02/20/2026 | 2 | 02/20/2026 | Books | EAQ | |||||
| Library of Congress Classification | Non-fiction | Undergraduate Library (Christ Temple) | Undergraduate Library (Christ Temple) | General stacks | 02/18/2025 | HF5657 FOL | ulct00001272 | 02/18/2025 | 1 | 02/18/2025 | Books |